000 00845nam a2200253 i 4500
001 184027
003 ES-MaACL
005 20250915063105.0
008 150223s2002 sp | |||| ||cat d
020 _a84-273-1049-8
080 _a929 Serra, Antoni
080 _a821.134.1-94"19"
100 1 _aSerra, Antoni,
_d1936-
_9105600
245 1 0 _aNo hi ha quart poder
_b: memòries periodístiques del meu temps de glòria /
_cAntoni Serra.
250 _a1ª ed.
260 _aPalma (Mallorca) :
_bMoll,
_c2002.
300 _a222 p. ;
_c22 cm.
490 1 _aTomir ;
_vn. 49
830 0 _aTomir ;
_vn. 49
_9225027
852 _aES-MaACL
_jA-13402
_9190993
_bR.150239
_cDEPO1
_dOlim: N-6402
_gDedicatoria autógrafa
_hDonación: Jesús García
903 _aJesús García
_ednr
942 _2udc
_cMONOGRAFIA
999 _c184027
_d184027